000 01174nam a2200289 4500
001 0000019435
003 CO-CtgCURN
005 20250331185147.0
007 ta
008 160627s2000 000 0 eng d
020 _a8445810308
040 _aCO-CtgCURN
_bspa
_ccoctgcurn
082 0 _a611.3
_bA61
245 0 0 _aAparato digestivo /
_cCoordinadora Gil Canalda, Inmaculada.
260 _aMadrid :
_bMasson,
_c2000.
300 _aix, 213 p.
336 _2rdacontent
337 _2rdamedia
_asin mediacion
_bn
338 _2rdacarrier
_avolumen
_bnc
490 1 _aClaves clinicas en medicina de familia
505 8 _aPatología gastrica y helicobacter pylori.--Patología por causticos.--Patología motora del tuvo digestivo.--Diarrea cronica malabsorcion intestinal.--Lesiones preneoplasicas del tuvo digestivo diagnostico precoz de neoplasia digestivas.--Patología biliar.-- Patología pancreatica.--Tratamiento nutricional en patología digestiva
650 1 4 _aSistema digestivo.
700 1 _aMartin Zurro, Amando,
_eEditor.
908 _a160627
942 _cBK
_h611.3
_iA61
_2ddc
999 _c21599
_d21599